Watching Movies with the Sound Off - Mac Miller - Statistics

General Stats
  • This quiz has been taken 3 times
  • The average score is 12 of 16
Answer Stats
Songs Plays Artist(s) % Correct
Aquarium 24,434,391 Mac Miller
100%
Avian 45,835,285 Mac Miller
100%
Gees 42,206,643 Mac Miller, ScHoolboy Q
100%
I'm Not Real 44,457,167 Mac Miller, Earl Sweatshirt
100%
Red Dot Music 66,648,632 Mac Miller, Action Bronson
100%
The Star Room 35,829,743 Mac Miller
100%
Watching Movies 49,914,177 Mac Miller
100%
Bird Call 17,105,422 Mac Miller
67%
I Am Who Am (Killin' Time) 26,529,512 Mac Miller, Niki Randa
67%
Objects in the Mirror 169,395,795 Mac Miller
67%
S.D.S. 18,630,319 Mac Miller
67%
Someone Like You 67,480,517 Mac Miller
67%
Youforia 26,296,154 Mac Miller
67%
REMember 30,422,018 Mac Miller
33%
Suplexes Inside of Complexes and Duplexes 16,209,068 Mac Miller
33%
Two Matches 26,939,155 Mac Miller, Ab-Soul
33%
No matching quizzes found
Score Distribution
Percent of People with Each Score
Percentile by Number Answered
Your Score History
You have not taken this quiz